书目信息 |
| 题名: |
计算化学
|
|
| 作者: | 郭纯孝 编著 | |
| 分册: | ||
| 出版信息: | 北京 化学工业出版社 2004 |
|
| 页数: | 384页 | |
| 开本: | 24cm | |
| 丛书名: | 21世纪化学丛书 | |
| 单 册: | ||
| 中图分类: | O6-04 | |
| 科图分类: | ||
| 主题词: | 计算化学 | |
| 电子资源: | ||
| ISBN: | 7-5025-5235-9 | |
| 000 | 00893oam2 2200253 450 | |
| 001 | 002653568 | |
| 005 | 20070805104226.54 | |
| 010 | @a7-5025-5235-9@dCNY42.00 | |
| 100 | @a20070528e20062004em y0chiy0110 ea | |
| 101 | 0 | @achi |
| 102 | @aCN@b110000 | |
| 105 | @ay z 000yy | |
| 106 | @ar | |
| 200 | 1 | @a计算化学@Aji suan hua xue@f郭纯孝编著@Fguo chun xiao bian zhu |
| 210 | @a北京@c化学工业出版社@d2004@h2006重印 | |
| 215 | @a384页@d24cm | |
| 225 | 2 | @a21世纪化学丛书@A21 shi ji hua xue cong shu |
| 330 | @a本书让读者进一步学会用程序设计语言解决化学领域中的各种数值计算问题,内容包括:数值计算的基本概念、计算误差、方程求根、函数插值、数值积分、常微分方程求解、线性方程组的求解等。 | |
| 461 | 0 | @1001002652960@12001 @a21世纪化学丛书 |
| 606 | 0 | @a计算化学 |
| 690 | @aO6-04@v4 | |
| 701 | 0 | @a郭纯孝@Aguo chun xiao@c(化学)@4编著 |
| 801 | 0 | @aCN@bNLC@c20070805 |
| 905 | @dO6-04@e399@f5 | |
| 计算化学/郭纯孝编著.-北京:化学工业出版社,2004(2006重印) |
| 384页;24cm.-(21世纪化学丛书) |
| ISBN 7-5025-5235-9:CNY42.00 |
| 本书让读者进一步学会用程序设计语言解决化学领域中的各种数值计算问题,内容包括:数值计算的基本概念、计算误差、方程求根、函数插值、数值积分、常微分方程求解、线性方程组的求解等。 |
| ● |
| 相关链接 |
|
|
|
|
正题名:计算化学
索取号:O6-04/399
 
预约/预借
| 序号 | 登录号 | 条形码 | 馆藏地/架位号 | 状态 | 备注 |
| 1 | 0850613 | 208506133 | 第二样本阅览室/ [索取号:O6-04/399] | 在馆 | |
| 2 | 0850614 | 208506142 | 第三借阅区/ [索取号:O6-04/399] | 在馆 | |
| 3 | 0850615 | 208506151 | 第三借阅区/ [索取号:O6-04/399] | 在馆 | |
| 4 | 0850616 | 208506160 | 第三借阅区/ [索取号:O6-04/399] | 在馆 | |
| 5 | 0850617 | 208506179 | 第三借阅区/ [索取号:O6-04/399] | 在馆 |